| 000 | 01097nas a2200313 4500 | ||
|---|---|---|---|
| 001 | BR2013010529 | ||
| 003 | BR-BrBNA | ||
| 005 | 20231205123509.0 | ||
| 007 | ta | ||
| 008 | 230509b bl.|||p| |||| 00| 00por d | ||
| 040 |
_aBR-BrBNA _bpor _cBiblioteca Nacional de Agricultura |
||
| 041 | _a(Pt) | ||
| 072 | _aF50 | ||
| 100 | 1 | _aSilva, J. de C. | |
| 100 | 1 | _aOliveira, J.T.S. | |
| 100 | 1 | _aXavier, B.A. | |
| 100 | 1 | _aCastro, V.R. | |
| 100 | 1 | _a | |
| 245 | 1 | _aVariação da retrabilidade da madeira de Eucalyptus grandis Hill ex. Maiden, em função da idade e da posição radial no tronco | |
| 246 | 1 | _aInfluence of age and radial position on the volumetric and linear shrinkage of Eucalyptus grandis Hill ex. Maiden wood | |
| 650 | _aEUCALIPTO | ||
| 650 | _aMADEIRA | ||
| 650 | _aIDADE | ||
| 650 | _aCAULE | ||
| 773 | 0 |
_tRevista Árvore (Brazil) _xISSN 0100-6762 _g(Sep-Oct 2006), v. 30(5) p. 803-810 _wBR2013010529 |
|
| 856 | 4 |
_uhttp://www.scielo.br/pdf/rarv/v30n5/a14v30n5.pdf _yRecurso eletrônico (PDF) |
|
| 909 |
_a202311 _bLúcia _c55 _dLúcia Elande |
||
| 942 |
_2AGRIS _n0 _cANA |
||
| 999 |
_c234206 _d234206 |
||